Blueprints : (Record no. 126915)

MARC details
000 -LEADER
campo de control de longitud fija 01816nam a22002417a 4500
003 - IDENTIFICADOR DE NÚMERO DE CONTROL
campo de control BJBSDDR
005 - FECHA Y HORA DE LA ÚLTIMA TRANSACCIÓN
campo de control 20260424110242.0
007 - CAMPO FIJO DE DESCRIPCIÓN FÍSICA--INFORMACIÓN GENERAL
campo de control de longitud fija ta
008 - DATOS DE LONGITUD FIJA--INFORMACIÓN GENERAL
campo de control de longitud fija 260424s2025 nyu||||| |||| 00| 0 eng d
020 ## - NÚMERO INTERNACIONAL ESTÁNDAR DEL LIBRO
Número Internacional Estándar del Libro 9781541605695
020 ## - NÚMERO INTERNACIONAL ESTÁNDAR DEL LIBRO
Número Internacional Estándar del Libro 1541605691
040 ## - FUENTE DE CATALOGACIÓN
Lengua de catalogación spa
Centro/agencia transcriptor BJBSDDR
041 ## - CÓDIGO DE IDIOMA
Código de lengua del texto/banda sonora o título independiente eng
050 ## - SIGNATURA TOPOGRÁFICA DE LA BIBLIOTECA DEL CONGRESO
Número de ítem D812 2025
100 1# - ENTRADA PRINCIPAL--NOMBRE DE PERSONA
Nombre de persona Du Sautoy, Marcus
9 (RLIN) 48115
245 10 - MENCIÓN DEL TÍTULO
Título Blueprints :
Resto del título how mathematics shapes creativity /
Mención de responsabilidad, etc. Marcus Du Sautoy
260 ## - PUBLICACIÓN, DISTRIBUCIÓN, ETC.
Lugar de publicación, distribución, etc. New York :
Nombre del editor, distribuidor, etc. Basic Books,
Fecha de publicación, distribución, etc. 2025
300 ## - DESCRIPCIÓN FÍSICA
Extensión x, 372 pages :
Otras características físicas illustrations ;
Dimensiones 25 cm
505 ## - NOTA DE CONTENIDO CON FORMATO
Nota de contenido con formato <br/>Dramatis Personae<br/>Overture<br/>Blueprint One: The Primes<br/>Blueprint Two: The Circle<br/>Blueprint Three: The Fibonacci Numbers<br/>Blueprint Four: The Golden Ratio<br/>Blueprint Five: Fractals<br/>Blueprint Six: The Platonic Solids<br/>Blueprint Seven: Symmetry<br/>Blueprint Eight: Hyperbolic Geometry<br/>Blueprint Nine: Randomness<br/>Finale<br/>
520 ## - RESUMEN, ETC.
Sumario, etc. When Shakespeare has the Three Witches cast Macbeth's lot, he uses something very weird to do it: not simply "eye of newt and toe of frog," but the number seven. And when Hamlet claims, "To be or not to be, that is the question," Shakespeare reaches for eleven. For Shakespeare, prime numbers were magical. And he is not alone. As Marcus du Sautoy showcases in Blueprints, creativity is inseparable from mathematics. The designs of Le Corbusier and Leonardo; the music of Glass, Bach, and Debussy; the wild visions of Dali, the choreography of Laban, the animation of Pixar--all are shot through with mathematics, from primes and fractals to the weirder worlds of Hamiltonian cycles and hyperbolic geometry. And Du Sautoy argues that the relationship runs both ways. Just as mathematics inspires new art, the artistic mindset is a necessity for discovering new mathematics.
942 ## - ELEMENTOS DE ENTRADA SECUNDARIOS (KOHA)
Fuente del sistema de clasificación o colocación Clasificación de Library of Congress
Suprimir en OPAC No
Tipo de ítem Koha Libro
946 ## - PROCESAMIENTO DE INFORMACIÓN LOCAL (OCLC)
Iniciales del agente catalogador cmc
Holdings
Estatus retirado Estado de pérdida Fuente del sistema de clasificación o colocación Estado de daño No para préstamo Colección Biblioteca de origen Biblioteca actual Ubicación en estantería Fecha de adquisición Signatura topográfica completa Código de barras Visto por última vez Copia número Tipo de ítem Koha
    Clasificación de Library of Congress     Automatización y Procesos Técnicos Biblioteca Juan Bosch Biblioteca Juan Bosch Automatización y Procesos Técnicos (1er. Piso) 24/04/2026 D812 2025 00000199711 24/04/2026 1 Libro